00385cam a2200157ua 45000010005000000080039000050400009000440410008000530820008000612450063000692500009001322600028001413000013001696530026001826530019002088609150210n ii |||gr||||Z||||||eng cMAIN aeng a4141 aExercises in spoken englishbAccent, rhythm and intonation a1st. aMadras:bOxford,c1992. avii,60p. aPhonology & phonetics aSpoken english